Biographical dictionary of Christian missions / (Record no. 250)

MARC details
000 -LEADER
fixed length control field 01029cam a2200265 a 4500
001 - CONTROL NUMBER
control field 4946732
003 - CONTROL NUMBER IDENTIFIER
control field GBCCL
005 - DATE AND TIME OF LATEST TRANSACTION
control field 20241126110334.0
008 - FIXED-LENGTH DATA ELEMENTS--GENERAL INFORMATION
fixed length control field 961120s1998 nyu bd 001 0ceng
010 ## -
-- 96049922
020 ## - INTERNATIONAL STANDARD BOOK NUMBER
International Standard Book Number 0028646045 (alk. paper)
040 ## - CATALOGING SOURCE
Original cataloging agency DLC
Transcribing agency DLC
Modifying agency DLC
050 00 -
-- BV3700
-- .B56 1998
082 00 - DEWEY DECIMAL CLASSIFICATION NUMBER
Classification number 266.00922
-- B
Edition information 21
Item number BIO
245 00 - TITLE STATEMENT
Title Biographical dictionary of Christian missions /
Statement of responsibility, etc. edited by Gerald H. Anderson.
260 ## - PUBLICATION, DISTRIBUTION, ETC.
Place of publication, distribution, etc. New York :
Name of publisher, distributor, etc. Macmillan Reference USA,
Date of publication, distribution, etc. c1998.
300 ## - PHYSICAL DESCRIPTION
Extent xxvi, 845 p. ;
Dimensions 29 cm.
504 ## - BIBLIOGRAPHY, ETC. NOTE
Bibliography, etc. note Includes bibliographical references and index.
650 #0 - SUBJECT ADDED ENTRY--TOPICAL TERM
Topical term or geographic name entry element Missionaries
Form subdivision Biography
-- Dictionaries.
9 (RLIN) 131
700 1# - ADDED ENTRY--PERSONAL NAME
Personal name Anderson, Gerald H.
9 (RLIN) 132
906 ## - LOCAL DATA ELEMENT F, LDF (RLIN)
a 7
b cbc
c orignew
d 1
e ocip
f 19
g y-gencatlg
942 ## - ADDED ENTRY ELEMENTS (KOHA)
Source of classification or shelving scheme Dewey Decimal Classification
Koha item type Reference Books
Holdings
Withdrawn status Lost status Source of classification or shelving scheme Damaged status Not for loan Home library Current Library Shelving location Date acquired Cost, normal purchase price Total checkouts Full call number Barcode Date last seen Copy number Price effective from Koha item type
    Dewey Decimal Classification     GRACE BIBLE COLLEGE GRACE BIBLE COLLEGE Dictionary 2016-10-12 12750.00   266.00922 BIO 014087 2025-05-01 c.1 2016-10-12 Reference Books
© Grace Bible College Library 2025